<?xml version="1.0" encoding="UTF-8"?>
<record
    xmlns:xsi="http://www.w3.org/2001/XMLSchema-instance"
    xsi:schemaLocation="http://www.loc.gov/MARC21/slim http://www.loc.gov/standards/marcxml/schema/MARC21slim.xsd"
    xmlns="http://www.loc.gov/MARC21/slim">

  <leader>00585nam a2200205 i 4500</leader>
  <controlfield tag="001">sa 68009895 </controlfield>
  <controlfield tag="003">DLC</controlfield>
  <controlfield tag="005">20260227112548.0</controlfield>
  <controlfield tag="008">851002s1966    ii            00000 tamo </controlfield>
  <datafield tag="010" ind1=" " ind2=" ">
    <subfield code="a">sa 68009895 //r85</subfield>
  </datafield>
  <datafield tag="050" ind1="0" ind2=" ">
    <subfield code="a">PL4751</subfield>
    <subfield code="b">.D6</subfield>
  </datafield>
  <datafield tag="100" ind1="2" ind2="0">
    <subfield code="a">Dorai Rangaswamy, M. A.,</subfield>
    <subfield code="d">1908-</subfield>
  </datafield>
  <datafield tag="245" ind1="1" ind2="0">
    <subfield code="a">Pacippi&#x1E47;i maruttuvan&#x332; /</subfield>
    <subfield code="c">Mo. A. Turai Ara&#x1E45;kac&#x101;mi.</subfield>
  </datafield>
  <datafield tag="250" ind1=" " ind2=" ">
    <subfield code="a">[1. patippu].</subfield>
  </datafield>
  <datafield tag="260" ind1="0" ind2=" ">
    <subfield code="a">Maturai :</subfield>
    <subfield code="b">M&#x12B;n&#x332;&#x101;&#x1E6D;ci Puttaka Nilaiyam,</subfield>
    <subfield code="c">[1966]</subfield>
  </datafield>
  <datafield tag="300" ind1=" " ind2=" ">
    <subfield code="a">192 p. ;</subfield>
    <subfield code="c">19 cm.</subfield>
  </datafield>
  <datafield tag="490" ind1="0" ind2=" ">
    <subfield code="a">M&#x12B;n&#x332;&#x101;&#x1E6D;ci ;</subfield>
    <subfield code="v">72</subfield>
  </datafield>
  <datafield tag="500" ind1=" " ind2=" ">
    <subfield code="a">In Tamil.</subfield>
  </datafield>
  <datafield tag="650" ind1=" " ind2="0">
    <subfield code="a">Tamil philology.</subfield>
  </datafield>
  <datafield tag="999" ind1=" " ind2=" ">
    <subfield code="c">83226</subfield>
    <subfield code="d">83226</subfield>
  </datafield>
</record>
